Open Data Biblioteca Nacional de Portugal


República Portuguesa: Ministério da Cultura
Biblioteca Nacional de Portugal

Catálogo da BNP: acesso por Identificadores Unívocos
Registos Bibliográficos associados ao registo de autoridade

Etiqueta de registo: 00254nam 2200025 450
001 2111996
003 http://id.bnportugal.gov.pt/bib/catbnp/2111996
010 ## $a978-989-37-4110-8
021 ## $aPT$b502552/22
100 ## $a20221010d2022 m y0pory01030103ba
101 0# $apor
102 ## $aPT
105 ## $ay z 000gy
106 ## $ar
200 1# $aAmendoeira em flor$fFrancisco Pardal
205 ## $a1ª ed
210 #9 $aLisboa$cPrimeiro Capítulo,$d2022
215 ## $a245, [11] p.$d22 cm
316 ## $aDedicatória do autor$5PTBN: L. 165823 V.
675 ## $a821.134.3-1"20"$vBN$zpor$31023893
700 #1 $aPardal,$bFrancisco,$f1995-$31860665
801 #0 $aPT$bBN$gRPC
856 41 $uhttp://rnod.bnportugal.gov.pt/ImagesBN/winlibimg.aspx?skey=&doc=2111996&img=170220&save=true
900 ## $aBIBNAC$d20221026
966 ## $lBN$mFGMON$sL. 162804 V.$x1
966 ## $lBN$mFGMON$sL. 162804 V.-D$x1
966 ## $lBN$mFGMON$sL. 165823 V.$x3
971 ## $cdpenetra$d20221010
972 ## $e0$z0$d20231218$vmsebas
973 ## $cmcarvalho$d20221012
975 ## $e0$d20221118$visabelm

Etiqueta de registo: 00254nam 2200025 450
001 2112773
003 http://id.bnportugal.gov.pt/bib/catbnp/2112773
010 ## $a978-989-566-114-5
021 ## $aPT$b488592/21
100 ## $a20221020d2021 m y0pory01030103ba
101 0# $apor
102 ## $aPT
105 ## $aaf z 001yy
106 ## $ar
200 1# $aClube dos Direito Humanos da Escola Secundária Rainha Santa Isabel de Estremoz$e25 anos de educação para a cidadania$forg. Francisco Pardal, Maria do Céu Pires, Teresa Serafim
210 #9 $aLisboa$cColibri,$d2021
215 ## $a134, [1] p., XVI p. il.$cil.$d24 cm
675 ## $a371.84(469.512)(091)$vBN$zpor$31862448
675 ## $a37.017(469.512)(091)$vBN$zpor$31862450
702 #1 $aPardal,$bFrancisco,$f1995-$4340$31860665
702 #1 $aPires,$bMaria do Céu,$f1960-$4340$31492047
702 #1 $aSerafim,$bTeresa$4340$31861777
801 #0 $aPT$bBN$gRPC
856 41 $uhttp://rnod.bnportugal.gov.pt/ImagesBN/winlibimg.aspx?skey=&doc=2112773&img=170806&save=true
900 ## $aBIBNAC$d20221220
966 ## $lBN$mFGMON$sS.C. 159987 V.$x1
966 ## $lBN$mFGMON$sS.C. 159987 V.-D$x1
971 ## $cdpenetra$d20221020
972 ## $e0$z0$d20221220$viquintas
973 ## $csteixeira$d20221028

Etiqueta de registo: 00000nam 2200025 450
001 1994377
003 http://id.bnportugal.gov.pt/bib/catbnp/1994377
100 ## $a20180629d2018 k y0pory01030103ba
101 0# $apor
102 ## $aPT
105 ## $aa z 000yy
106 ## $ar
200 1# $a Um reino restaurado sob o manto da sua padroeira$e o culto a nossa Senhora da Conceição de Vila Viçosa no século XVII$fFrancisco José Pegacha Pardal
210 #9 $aVila Viçosa$cCâmara Municipal de Vila Viçosa,$d2018
215 ## $ap. 49-71 p.$cil.$d25 cm
305 ## $aSep. de: Callipole : revista de cultura, ISSN 0872-5225, nº 25 (2018)
675 ## $a94(469.512)$vBN$zpor$31009089
675 ## $a272-526-9(469.512)$vBN$zpor$31692129
675 ## $a272-312Nossa Senhora da Conceição$vBN$zpor$31302244
700 #1 $aPardal,$bFrancisco,$f1995-$31860665
801 #0 $aPT$bBN$gRPC
966 ## $lBN$mFGMON$sH.G. 82373 V.$x3
972 ## $e0$d20220207$vmsebas
973 ## $csteixeira$d20220201

Etiqueta de registo: 00254nam 2200025 450
001 2286366
003 http://id.bnportugal.gov.pt/bib/catbnp/2286366
100 ## $a20260515d2025 k y0pory01030103ba
101 0# $apor$deng
102 ## $aPT
105 ## $aa m 001yy
106 ## $ar
200 1# $a A formação de um herdeiro em tempos de consolidação dinástica$e o príncipe D. Teodósio (1634-1653)$fFrancisco José Pegacha Pardal$gIsabel M. R. Mendes Drumond Braga
210 #9 $aLisboa$c[s.n.],$d2025
215 ## $a607 p.$cil.$d30 cm
328 #1 $aTese dout. História (História Moderna), Faculdade de Letras da Universidade de Lisboa, 2025
675 ## $a94(469)"1634/1653"(043)$vBN$zpor$31999642
675 ## $a929.7Teodósio, Príncipe do Brasil(043)$vBN$zpor$31999645
700 #1 $aPardal,$bFrancisco,$f1995-$31860665
702 #1 $aBraga,$bIsabel M. R. Mendes Drumond,$f1965-$4727$331543
801 #0 $aPT$bBN$gRPC
966 ## $lBN$mFGMON$sH.G. 89229 V.$x1
971 ## $cisantos$d20260515
972 ## $e0$z0$d20260616$vasantos
973 ## $ctrodrigues$d20260529
975 ## $e0$d20260618$viquintas

Etiqueta de registo: 00254nam 2200025 450
001 2285472
003 http://id.bnportugal.gov.pt/bib/catbnp/2285472
010 ## $a978-989-9275-49-2
021 ## $aPT$b554937/25
100 ## $a20260429d2025 m y0pory01030103ba
101 0# $apor
102 ## $aPT
105 ## $aa z 000yy
106 ## $ar
200 1# $a Uma devoção de grandes e pequenos$eNossa Senhora da Conceição de Vila Viçosa nos séculos XVII e XVIII$fFrancisco Pardal
205 ## $a1ª ed
210 #9 $aVila Nova Famalicão$cHúmus,$d2025
215 ## $a269 p.$cil.$d23 cm
675 ## $a94(469.512)"16/17"$vBN$zpor$32001644
675 ## $a272-526-9(469.512)$vBN$zpor$31692129
675 ## $a272-312Nossa Senhora da Conceição$vBN$zpor$31302244
700 #1 $aPardal,$bFrancisco,$f1995-$31860665
801 #0 $aPT$bBN$gRPC
856 41 $uhttp://rnod.bnportugal.gov.pt/ImagesBN/winlibimg.aspx?skey=&doc=2285472&img=223721&save=true
966 ## $lBN$mFGMON$sH.G. 89299 V.$x1
966 ## $lBN$mFGMON$sH.G. 89299 V.-D$x1
971 ## $ciquintas$d20260429
973 ## $csteixeira$d20260624

OpendataBNP@bnportugal.pt | Mais informação sobre acesso aos dados BNP